| 000 | 00373nam a22001217a 4500 | ||
|---|---|---|---|
| 008 | 230307b |||||||| |||| 00| 0 eng d | ||
| 020 | _a978-1536127287 | ||
| 050 |
_aSB293 _b.M43 2017 |
||
| 245 |
_aMedicinal plants : _bProduction, cultivation and uses/ _c edited by Aubert Matthias & Nicolas Laisn"e |
||
| 300 | _axii, 266p. | ||
| 650 | _aMedicinal plants | ||
| 942 |
_2lcc _cBK |
||
| 999 |
_c20036 _d20035 |
||